| 000 | 00000nam##2200000za#4500 |
| 001 | 9.659484 |
| 003 | CaOODSP |
| 005 | 20200328175723 |
| 007 | ta |
| 008 | 150407|1997||||xxc||||| f|0| 0 fre|d |
| 020 | |a0-662-63081-5 |
| 040 | |aCaOODSP|bfre |
| 041 | |aeng |
| 041 | |afre |
| 043 | |an-cn--- |
| 086 | 1 |aH21-99/1996 |
| 110 | 1 |aCanada.|bSanté Canada. |bDirection générale des politiques et de la consultation. |
| 245 | 10|aDépense nationales de santé au Canada, 1975-1996 |
| 260 | |aOttawa - Ontario : |bSanté Canada. |c1997. |
| 300 | |a17p. : |bgraphiques, tableaux ; |c28 cm. |
| 546 | |aBilingue |
| 563 | |aCouverture souple |
| 590 | |a98-42|b1998-10-16 |
| 776 | 0#|tNational health expenditures in Canada, 1975-1996 : |w(CaOODSP)9.675797 |
| 791 | |tNational health expenditures in Canada, 1975-1996 |eeng|w(CaOODSP)9.659483 |
| 986 | |aFeuilles d'information. |